Trouve l'année de début de ces groupes de kpop - Statistiques

Statistiques générales
  • Ce quiz a été pris 947 fois
  • Le résultat moyen est 8 sur 17
Statistiques - réponses
Hint Réponse % Correct
BTS 2013
84%
Blackpink 2016
77%
ITZY 2019
56%
2NE1 2009
51%
(G)I-DLE 2018
51%
Seventeen 2015
49%
Shinee 2008
46%
ZEROBASEONE 2023
45%
EXO 2012
44%
Treasure 2020
44%
NMIXX 2022
39%
SISTAR 2010
37%
GOT7 2014
37%
NCT Wish 2024
28%
Billlie 2021
25%
Apink 2011
24%
KARD 2017
24%
Aucun quiz correspondant
Distribution des résultats
% des personnes avec chaque résultat
Percentile par nombre de réponses
Votre historique - résultats
Vous n’avez pas pris ce quiz